000
00249nam a2200085Ia 4500
008
160715s9999 xx 000 0 und d
245
_a
Chatting with MVP at Southville
260
_b
The Philippine Star
_c
November 17, 2015
650
_a
Archival materials.
999
_c
297753
_d
297753